the best airplane quiz ever!!!! - Statistics

General Stats
  • This quiz has been taken 20 times
  • The average score is 4 of 10
Answer Stats
Picture Answer % Correct
Boeing 747
92%
Airbus A380
85%
Boeing 777
85%
An-225
62%
F-22 Raptor
54%
C-5 Galaxy
31%
AirTractor
15%
SR-71 Blackbird
15%
Andrea's Cheeseball Snowman
0%
Rutan Voyager
0%
No matching quizzes found
Score Distribution
Percent of People with Each Score
Percentile by Number Answered
Your Score History
You have not taken this quiz